00547nam a2200157 a 450000100100000000500170001000800410002702000150006804000250008310000350010824500650014326000360020830000230024495201050026799900170037200003858220201002031313.0130415s2000 spa 000 0 spa d a8429313540 aDO-SdBNPbspacBNPHU1 aOtón Catalán, Josep96492513aEl inconsciente ¿morada de Dios? /cJosep Otón Catalán. aEspaña :bSal Terrae ,c2000. a198 p. : ;c20 cm. 001050718MOaGRbGRcCTd2013-04-15iLF1l0o p38582-10r2020-06-25w2020-06-25y1ZNo se presta c38072d38072